Fray José María de Jesús Belaunzarán y Ureña (Record no. 1109)

MARC details
000 -CABECERA
campo de control de longitud fija 00673nam a2200205 a 4500
001 - NÚMERO DE CONTROL
campo de control BRCA_1239
005 - FECHA Y HORA DE LA ÚLTIMA TRANSACCIÓN
campo de control 20190320203336.0
008 - DATOS DE LONGITUD FIJA--INFORMACIÓN GENERAL
campo de control de longitud fija 910221s1988 mx-a---##b---#000-0bspa-#
020 ## - NÚMERO INTERNACIONAL ESTÁNDAR DEL LIBRO
Número Internacional Estándar del Libro 9686119027
040 ## - FUENTE DE LA CATALOGACIÓN
Centro catalogador/agencia de origen DLC
Centro/agencia transcriptor DLC
050 #4 - SIGNATURA TOPOGRÁFICA DE LA BIBLIOTECA DEL CONGRESO
Número de clasificación BX4705
Número de documento/Ítem .T37 1988
100 1# - ENTRADA PRINCIPAL--NOMBRE DE PERSONA
Nombre de persona Tapia Méndez, Aureliano
9 (RLIN) 4073
245 10 - MENCIÓN DE TÍTULO
Título Fray José María de Jesús Belaunzarán y Ureña
Mención de responsabilidad, etc. Aureliano Tapia Méndez y Luis Avila Blancas.
260 ## - PUBLICACIÓN, DISTRIBUCIÓN, ETC.
Lugar de publicación, distribución, etc. Monterrey, N.L.
Nombre del editor, distribuidor, etc. Producciones al Voleo-El Troquel
Fecha de publicación, distribución, etc. 1988
300 ## - DESCRIPCIÓN FÍSICA
Extensión 119 p.
Otras características físicas il.
Dimensiones 23 cm.
504 ## - NOTA DE BIBLIOGRAFÍA, ETC.
Nota de bibliografía, etc. Bibliografía: p. 65-66
610 24 - PUNTO DE ACCESO ADICIONAL DE MATERIA--NOMBRE DE ENTIDAD CORPORATIVA
Nombre de entidad corporativa o nombre de jurisdicción como elemento de entrada Franciscanos
Subdivisión general Biografía.
Subdivisión geográfica México
9 (RLIN) 4074
700 1# - PUNTO DE ACCESO ADICIONAL--NOMBRE DE PERSONA
Nombre de persona Avila Blancas, Luis
9 (RLIN) 4075
942 ## - ELEMENTOS DE PUNTO DE ACCESO ADICIONAL (KOHA)
Fuente del sistema de clasificación o colocación Library of Congress Classification
Tipo de ítem Koha Libros
Holdings
Estado de retiro Estado de pérdida Estado dañado No para préstamo Localización permanente Ubicación/localización actual Fecha de adquisición Total de préstamos Signatura topográfica completa Código de barras Fecha visto por última vez Precio válido a partir de Tipo de ítem Koha
El ejemplar forma parte de la colección y puede ser consultado según las políticas vigentes.       Biblioteca del Museo Franz Mayer (Rogerio Casas-Alatriste) Biblioteca del Museo Franz Mayer (Rogerio Casas-Alatriste) 26/06/2008   BX4705 .T37 1988 01741 22/03/2019 22/03/2019 Libros